Sports Quiz

Random Sports or City Quiz

Hull City Scorers at The KC Stadium Quiz Stats

 Plays Quiz not verified by Sporcle

Challenge
Share
Tweet
Embed
Score 0/176 Timer 10:00
0 Plays Today
Season Name % Correct
2006/2007Dean Windass
89.9%
2007/2008Dean Windass
89.9%
2003/2004Andy Dawson
89.7%
2006/2007Andy Dawson
89.7%
2007/2008Andy Dawson
89.7%
2008/2009Andy Dawson
89.7%
2009/2010Andy Dawson
89.7%
2014/2015Abel Hernandez
88.6%
2014/2015Michael Dawson
88.6%
2015/2016Abel Hernandez
88.6%
2015/2016Michael Dawson
88.6%
2002/2003Stuart Elliott
84.7%
2003/2004Stuart Elliott
84.7%
2004/2005Stuart Elliott
84.7%
2005/2006Stuart Elliott
84.7%
2006/2007Stuart Elliott
84.7%
2004/2005Ian Ashbee
82.8%
2007/2008Ian Ashbee
82.8%
2008/2009Ian Ashbee
82.8%
2008/2009Geovanni
82.4%
2009/2010Geovanni
82.4%
2007/2008Fraizer Campbell
81.6%
2006/2007Michael Turner
79.9%
2007/2008Michael Turner
79.9%
2008/2009Michael Turner
79.9%
2004/2005Nicky Barmby
79.7%
2005/2006Nicky Barmby
79.7%
2006/2007Nicky Barmby
79.7%
2007/2008Nicky Barmby
79.7%
2008/2009Nicky Barmby
79.7%
2010/2011Nicky Barmby
79.7%
2011/2012Nicky Barmby
79.7%
2013/2014Jake Livermore
78.9%
2014/2015Jake Livermore
78.9%
2015/2016Jake Livermore
78.9%
2013/2014Tom Huddlestone
77.5%
2015/2016Tom Huddlestone
77.5%
2002/2003Ben Burgess
77.1%
2003/2004Ben Burgess
77.1%
2005/2006Ben Burgess
77.1%
2006/2007Ben Burgess
77.1%
2010/2011Matty Fryatt
76.1%
2011/2012Matty Fryatt
76.1%
2015/2016Robert Snodgrass
75.8%
2016/2017Robert Snodgrass
75.8%
2016/2017Adama Diomande
75.4%
2015/2016Adama Diomande
75.4%
2011/2012Robbie Brady
74.8%
2007/2008Caleb Folan
74.4%
2008/2009Caleb Folan
74.4%
2002/2003Stuart Green
73.4%
2003/2004Stuart Green
73.4%
2004/2005Stuart Green
73.4%
2005/2006Stuart Green
73.4%
2013/2014Curtis Davies
73.4%
2015/2016Curtis Davies
73.4%
2012/2013Robbie Brady
73.3%
2013/2014Matty Fryatt
72.7%
2014/2015Mo Diame
72.7%
Season Name % Correct
2015/2016Mo Diame
72.7%
2003/2004Danny Allsopp
71.3%
2004/2005Danny Allsopp
71.3%
2004/2005Craig Fagan
70.7%
2005/2006Craig Fagan
70.7%
2006/2007Craig Fagan
70.7%
2008/2009Craig Fagan
70.7%
2009/2010Craig Fagan
70.7%
2012/2013Ahmed Elmohamady
70.6%
2010/2011Robert Koren
69.6%
2011/2012Robert Koren
69.6%
2012/2013Robert Koren
69.6%
2013/2014David Meyler
69.6%
2013/2014Robbie Brady
69.6%
2014/2015Robbie Brady
69.6%
2015/2016David Meyler
69.6%
2010/2011James Chester
69.4%
2012/2013David Meyler
69.2%
2013/2014Ahmed Elmohamady
69.2%
2014/2015Ahmed Elmohamady
69.2%
2015/2016Ahmed Elmohamady
69.2%
2013/2014James Chester
65.7%
2014/2015Nikica Jelavic
64.7%
2012/2013Sone Aluko
63.5%
2015/2016Sam Clucas
63.3%
2013/2014Robert Koren
63%
2003/2004Damien Delaney
62.1%
2006/2007Damien Delaney
62.1%
2007/2008Wayne Brown
62.1%
2005/2006Chris Brown
61.6%
2006/2007David Livermore
60.4%
2007/2008David Livermore
60.4%
2013/2014Shane Long
60.2%
2003/2004Jason Price
59.7%
2005/2006Jason Price
59.7%
2007/2008Richard Garcia
59.3%
2010/2011Richard Garcia
59.3%
2008/2009Marlon King
58.9%
2006/2007Dean Marney
58.3%
2007/2008Dean Marney
58.3%
2009/2010Dean Marney
58.3%
2014/2015Sone Aluko
57.8%
2015/2016Sone Aluko
57.8%
2011/2012Joshua King
57.4%
2008/2009Daniel Cousin
57.2%
2009/2010Jozy Altidore
57%
2009/2010Jimmy Bullard
56.8%
2011/2012Aaron Mclean
55.3%
2012/2013Aaron McLean
55.3%
2012/2013Paul McShane
54.7%
2012/2013Stephen Quinn
53.7%
2003/2004Ryan France
53.5%
2004/2005Ryan France
53.5%
2005/2006Ryan France
53.5%
2012/2013Jay Simpson
52.6%
2010/2011Jay Simpson
52.4%
2007/2008Bryan Hughes
52.2%
2006/2007Sam Ricketts
52%
2012/2013Gedo
51.6%
Season Name % Correct
2015/2016Alex Bruce
51.2%
2012/2013George Boyd
51.1%
2005/2006Jon Parkin
50.5%
2006/2007Jon Parkin
50.5%
2009/2010Tom Cairney
49.7%
2011/2012Tom Cairney
49.7%
2009/2010Stephen Hunt
49.3%
2013/2014George Boyd
48.4%
2012/2013Corry Evans
47.6%
2014/2015Stephen Quinn
47.1%
2012/2013Nick Proschwitz
46.7%
2009/2010George Boateng
44.9%
2004/2005Leon Cort
44.7%
2005/2006Leon Cort
44.7%
2009/2010Jan Venegoor Of Hesselink
44.6%
2009/2010Kamil Zayatte
44.6%
2003/2004Alton Thelwell
44.4%
2002/2003Dean Keates
43.4%
2002/2003Jon Walters
43.4%
2003/2004Jon Walters
43.4%
2004/2005Jon Walters
43.4%
2013/2014Liam Rosenior
42.9%
2012/2013Abdoulaye Faye
42.1%
2011/2012Cameron Stewart
41.1%
2002/2003Gary Alexander
40.2%
2007/2008Henrik Pedersen
40%
2008/2009Bernard Mendy
39.8%
2009/2010Kamel Ghilas
39.6%
2015/2016Chuba Akpom
39.1%
2011/2012Jack Hobbs
38.6%
2013/2014Nick Proschwitz
37.7%
2002/2003Jamie Forrester
35.4%
2003/2004Jamie Forrester
35.4%
2006/2007Nicky Forster
35.4%
2004/2005Delroy Facey
35.2%
2004/2005Junior Lewis
34.2%
2009/2010Seyi Olofinjana
34%
2014/2015Dame N'Doye
33.2%
2006/2007Michael Bridges
32.9%
2015/2016Isaac Hayden
32.9%
2004/2005Michael Keane
31.7%
2004/2005Aaron Wilbraham
31.4%
2007/2008Nathan Doyle
30.6%
2007/2008Stephen McPhee
30.4%
2008/2009Peter Halmosi
28.9%
2010/2011Anthony Gerrard
28.7%
2015/2016Greg Luer
28.4%
2006/2007Darryl Duffy
27.9%
2003/2004Richard Hinds
27.5%
2010/2011John Bostock
26.8%
2009/2010Steven Mouyokolo
26%
2009/2010Kevin Kilbane
23.3%
2002/2003Jon Otsemobor
21.8%
2003/2004Danny Webb
20.1%
2003/2004Andy Holt
17.2%
2010/2011Daniel Ayala
17.2%
2005/2006Billy Paynter
16.3%
2010/2011James Harper
15.9%

You're not logged in!

Compare scores with friends on all Sporcle quizzes.
OR
Log In

You Might Also Like...

Show Comments

Extras

Top Quizzes Today


Score Distribution

Your Account Isn't Verified!

In order to create a playlist on Sporcle, you need to verify the email address you used during registration. Go to your Sporcle Settings to finish the process.

Report this User

Report this user for behavior that violates our Community Guidelines.

Details: